[Event "Turkish Club Cup 2019"]
[Site "Konya"]
[Date "2019.07.18"]
[Round "4"]
[White "Subasi, Cagrican"]
[Black "Cakir, Ege"]
[Result "1/2-1/2"]
[WhiteElo "1871"]
[BlackElo "1765"]
[Annotator "NA RC"]
[PlyCount "115"]
[EventDate "2019.07.16"]
[EventType "team-tourn"]
[EventCountry "TUR"]
[SourceTitle "playchess.com"]
[Source "ChessBase"]
[SourceQuality "1"]
[TimeControl "5400+30"]

1. d4 {[%emt 0:00:30]} Nf6 {[%emt 0:00:30]} 2. c4 {[%emt 0:00:30]} e6 {[%emt 0:00:00]} 3. Nc3 {[%emt 0:00:00]} Bb4 {[%emt 0:00:00]} 4. e3 {[%emt 0:00:00]} c5 {[%emt 0:00:00]} 5. Nge2 {[%emt 0:00:30]} cxd4 {[%emt 0:00:00]} 6. exd4 {[%emt 0:00:00]} O-O {[%emt 0:00:30]} 7. a3 {[%emt 0:00:00]} Be7 {[%emt 0:00:00]} 8. g3 {[%emt 0:11:30]} d5 {[%emt 0:05:00]} 9. cxd5 {[%emt 0:15:30]} Nxd5 {[%emt 0:00:30]} 10. Bg2 {[%emt 0:00:30]} Nxc3 {[%emt 0:09:30]} 11. bxc3 {[%emt 0:02:30]} Nc6 {[%emt 0:04:30]} 12. a4 {[%emt 0:15:30]} Qc7 {[%emt 0:04:30]} 13. Bf4 {[%emt 0:03:30]} Bd6 {[%emt 0:00:30]} 14. Bxd6 {[%emt 0:00:30]} Qxd6 {[%emt 0:00:30]} 15. a5 {[%emt 0:00:30]} e5 {[%emt 0:03:30]} 16. d5 {[%emt 0:20:30]} Ne7 {[%emt 0:01:30]} 17. O-O {[%emt 0:04:30]} Bg4 {[%emt 0:05:30]} 18. h3 {[%emt 0:01:30]} Bh5 {[%emt 0:01:30]} 19. g4 {[%emt 0:00:30]} Bg6 {[%emt 0:00:30]} 20. Ng3 {[%emt 0:00:30]} e4 {[%emt 0:08:30]} 21. Nxe4 {[%emt 0:03:47]} Bxe4 {[%emt 0:05:30]} 22. Bxe4 {[%emt 0:00:06]} f5 {[%emt 0:06:30]} 23. gxf5 {[%emt 0:00:01]} Nxf5 {[%emt 0:00:00]} 24. Qd3 {[%emt 0:01:01]} Nh4 {[%emt 0:05:00]} 25. Ra4 {[%emt 0:00:13]} g6 {[%emt 0:06:30]} 26. Qg3 {[%emt 0:03:13]} Qd7 {[%emt 0:03:30]} 27. Rb4 {[%emt 0:01:12]} Nf5 {[%emt 0:00:30]} 28. Qg4 {[%emt 0:01:15]} Qc7 {[%emt 0:01:30]} 29. d6 {[%emt 0:00:34]} Qxd6 {[%emt 0:08:40]} 30. Rxb7 {[%emt 0:05:36]} Rae8 {[%emt 0:02:04]} 31. Bxf5 {[%emt 0:03:08]} Rxf5 {[%emt 0:00:17]} 32. Rxa7 {[%emt 0:00:23]} Qc5 {[%emt 0:00:48]} 33. Qd4 {[%emt 0:00:45]} Rg5+ {[%emt 0:01:41]} 34. Kh2 {[%emt 0:00:10]} Qxd4 {[%emt 0:00:54]} 35. cxd4 {[%emt 0:00:04]} Re2 {[%emt 0:00:44]} 36. a6 {[%emt 0:01:15]} Rf5 {[%emt 0:02:29]} 37. Rb7 {[%emt 0:00:34]} Ra2 {[%emt 0:02:35]} 38. a7 {[%emt 0:03:10]} Rf7 {[%emt 0:00:45]} 39. Rb8+ {[%emt 0:00:38]} Rf8 {[%emt 0:00:05]} 40. Kg3 {[%emt 0:01:53]} Rxa7 {[%emt 0:00:37]} 41. Rxf8+ {[%emt 0:00:30]} Kxf8 {[%emt 0:00:00]} 42. Kf4 {[%emt 0:01:28]} Ke7 {[%emt 0:01:08]} 43. Rc1 {[%emt 0:00:54]} Ra2 {[%emt 0:01:21]} 44. Rc7+ {[%emt 0:00:17]} Kd6 {[%emt 0:01:09]} 45. Rxh7 {[%emt 0:00:30]} Rxf2+ {[%emt 0:00:00]} 46. Ke3 {[%emt 0:00:47]} Ra2 {[%emt 0:02:45]} 47. Kf4 {[%emt 0:00:32]} Rd2 {[%emt 0:01:08]} 48. Ke3 {[%emt 0:00:19]} Ra2 {[%emt 0:00:00]} 49. Rg7 {[%emt 0:00:16]} Kd5 {[%emt 0:01:35]} 50. Rd7+ {[%emt 0:00:30]} Ke6 {[%emt 0:00:39]} 51. Rh7 {[%emt 0:00:15]} Kd5 {[%emt 0:00:00]} 52. Kf4 {[%emt 0:00:30]} Kxd4 {[%emt 0:00:56]} 53. Rd7+ {[%emt 0:00:30]} Kc5 {[%emt 0:00:00]} 54. Rd3 {[%emt 0:00:38]} Rg2 {[%emt 0:03:38]} 55. h4 {[%emt 0:00:30]} Rf2+ {[%emt 0:00:30]} 56. Kg3 {[%emt 0:00:30]} Rf1 {[%emt 0:00:00]} 57. Ra3 {[%emt 0:00:00]} Kd5 {[%emt 0:00:19]} 58. Ra6 {[%emt 0:00:29]} 1/2-1/2

[Event "Turkish Club Cup 2019"]
[Site "Konya"]
[Date "2019.07.18"]
[Round "4"]
[White "Iyiol, Mehmet"]
[Black "Ekici, Caner"]
[Result "1-0"]
[WhiteElo "1857"]
[BlackElo "1650"]
[Annotator "NA"]
[PlyCount "75"]
[EventDate "2019.07.16"]
[EventType "team-tourn"]
[EventCountry "TUR"]
[SourceTitle "playchess.com"]
[Source "ChessBase"]
[SourceQuality "1"]
[TimeControl "5400+30"]

1. c4 {[%emt 0:00:30]} g6 {[%emt 0:00:30]} 2. Nf3 {[%emt 0:00:00]} Bg7 {[%emt 0:00:00]} 3. d4 {[%emt 0:01:00]} c6 {[%emt 0:00:00]} 4. Nc3 {[%emt 0:00:30]} d6 {[%emt 0:02:30]} 5. g3 {[%emt 0:01:30]} Nf6 {[%emt 0:01:30]} 6. Bg2 {[%emt 0:00:30]} O-O {[%emt 0:00:30]} 7. O-O {[%emt 0:00:30]} Qc7 {[%emt 0:01:30]} 8. h3 {[%emt 0:00:30]} Nbd7 {[%emt 0:04:30]} 9. e4 {[%emt 0:01:30]} e5 {[%emt 0:02:30]} 10. Be3 {[%emt 0:02:30]} b6 {[%emt 0:05:30]} 11. Qc2 {[%emt 0:07:30]} Bb7 {[%emt 0:03:30]} 12. Rad1 {[%emt 0:01:30]} Rac8 {[%emt 0:03:30]} 13. dxe5 {[%emt 0:03:30]} dxe5 {[%emt 0:00:30]} 14. Rd2 {[%emt 0:04:30]} Rfd8 {[%emt 0:11:30]} 15. Rfd1 {[%emt 0:05:30]} Ne8 {[%emt 0:01:30]} 16. Qa4 {[%emt 0:05:30]} h6 {[%emt 0:14:30]} 17. h4 {[%emt 0:05:30]} Ra8 {[%emt 0:27:10]} 18. Bh3 {[%emt 0:00:30]} Bc8 {[%emt 0:02:09]} 19. Qc2 {[%emt 0:04:30]} a6 {[%emt 0:03:51]} 20. Na4 {[%emt 0:08:30]} c5 {[%emt 0:08:41]} 21. Bxd7 {[%emt 0:07:30]} Bxd7 {[%emt 0:00:33]} 22. Rxd7 {[%emt 0:00:30]} Rxd7 {[%emt 0:00:02]} 23. Rxd7 {[%emt 0:00:30]} Qxd7 {[%emt 0:00:03]} 24. Nxb6 {[%emt 0:00:00]} Qc6 {[%emt 0:01:40]} 25. Nxa8 {[%emt 0:00:00]} Qxa8 {[%emt 0:00:00]} 26. Bxc5 {[%emt 0:00:30]} Qc6 {[%emt 0:00:00]} 27. b4 {[%emt 0:00:30]} Nc7 {[%emt 0:00:12]} 28. Be3 {[%emt 0:02:30]} Ne6 {[%emt 0:00:37]} 29. a4 {[%emt 0:00:30]} Nd4 {[%emt 0:00:24]} 30. Bxd4 {[%emt 0:00:30]} exd4 {[%emt 0:00:02]} 31. b5 {[%emt 0:00:30]} axb5 {[%emt 0:00:30]} 32. axb5 {[%emt 0:00:00]} Qc5 {[%emt 0:00:14]} 33. Qd3 {[%emt 0:00:00]} Kf8 {[%emt 0:00:22]} 34. Qb3 {[%emt 0:02:30]} Qc8 {[%emt 0:04:04]} 35. b6 {[%emt 0:00:30]} Qb7 {[%emt 0:01:20]} 36. c5 {[%emt 0:00:30]} Ke8 {[%emt 0:01:17]} 37. c6 {[%emt 0:00:30]} Qb8 {[%emt 0:00:39]} 38. b7 {[%emt 0:00:30]} 1-0

[Event "Turkish Club Cup 2019"]
[Site "Konya"]
[Date "2019.07.18"]
[Round "4"]
[White "Yorgun, Yaren Naz"]
[Black "Ozgur, Sina"]
[Result "1/2-1/2"]
[WhiteElo "1819"]
[BlackElo "1524"]
[Annotator "NA RC"]
[PlyCount "64"]
[EventDate "2019.07.16"]
[EventType "team-tourn"]
[EventCountry "TUR"]
[SourceTitle "playchess.com"]
[Source "ChessBase"]
[SourceQuality "1"]
[TimeControl "5400+30"]

1. e4 {[%emt 0:00:30]} e5 {[%emt 0:00:30]} 2. Nf3 {[%emt 0:00:00]} Nc6 {[%emt 0:00:30]} 3. Nc3 {[%emt 0:00:00]} Nf6 {[%emt 0:00:00]} 4. d4 {[%emt 0:00:00]} exd4 {[%emt 0:00:00]} 5. Nxd4 {[%emt 0:00:00]} Bb4 {[%emt 0:00:00]} 6. Nxc6 {[%emt 0:00:30]} bxc6 {[%emt 0:00:00]} 7. Bd3 {[%emt 0:00:00]} d5 {[%emt 0:00:00]} 8. exd5 {[%emt 0:00:00]} O-O {[%emt 0:00:00]} 9. O-O {[%emt 0:00:30]} cxd5 {[%emt 0:00:30]} 10. h3 {[%emt 0:00:00]} c6 {[%emt 0:00:00]} 11. Qf3 {[%emt 0:01:00]} Be6 {[%emt 0:01:00]} 12. Ne2 {[%emt 0:04:30]} Be7 {[%emt 0:08:30]} 13. Bf4 {[%emt 0:02:30]} c5 {[%emt 0:03:30]} 14. c3 {[%emt 0:03:30]} a5 {[%emt 0:13:30]} 15. Ng3 {[%emt 0:07:30]} Qd7 {[%emt 0:06:30]} 16. Be5 {[%emt 0:08:30]} Rad8 {[%emt 0:16:30]} 17. Rfd1 {[%emt 0:05:30]} Qa7 {[%emt 0:10:30]} 18. Nf5 {[%emt 0:11:30]} Bxf5 {[%emt 0:07:30]} 19. Qxf5 {[%emt 0:04:30]} g6 {[%emt 0:01:30]} 20. Qf3 {[%emt 0:07:30]} Qb6 {[%emt 0:02:30]} 21. b3 {[%emt 0:04:30]} Ne8 {[%emt 0:09:01]} 22. Bc2 {[%emt 0:03:30]} d4 {[%emt 0:02:28]} 23. cxd4 {[%emt 0:02:30]} cxd4 {[%emt 0:00:26]} 24. Bf4 {[%emt 0:04:30]} Bf6 {[%emt 0:01:29]} 25. Bd3 {[%emt 0:00:30]} Ng7 {[%emt 0:04:43]} 26. Rac1 {[%emt 0:05:30]} Rc8 {[%emt 0:00:52]} 27. Bc4 {[%emt 0:00:30]} Nf5 {[%emt 0:02:04]} 28. Qg4 {[%emt 0:16:13]} Rc6 {[%emt 0:04:10]} 29. Bd3 {[%emt 0:00:47]} Ne7 {[%emt 0:00:35]} 30. Be4 {[%emt 0:01:31]} Rxc1 {[%emt 0:03:35]} 31. Rxc1 {[%emt 0:00:10]} Qb4 {[%emt 0:00:35]} 32. h4 {[%emt 0:04:13]} Rd8 {[%emt 0:00:38]} 1/2-1/2

[Event "Turkish Club Cup 2019"]
[Site "Konya"]
[Date "2019.07.18"]
[Round "4"]
[White "Aslan, Dogukan"]
[Black "Ozdover, Mustafa Berkay"]
[Result "1/2-1/2"]
[WhiteElo "1806"]
[BlackElo "2130"]
[Annotator "NA"]
[PlyCount "70"]
[EventDate "2019.07.16"]
[EventType "team-tourn"]
[EventCountry "TUR"]
[SourceTitle "playchess.com"]
[Source "ChessBase"]
[SourceQuality "1"]
[TimeControl "5400+30"]

1. d4 {[%emt 0:00:30]} Nf6 {[%emt 0:01:30]} 2. c4 {[%emt 0:00:00]} g6 {[%emt 0:00:30]} 3. Nf3 {[%emt 0:01:00]} Bg7 {[%emt 0:00:30]} 4. g3 {[%emt 0:00:30]} d6 {[%emt 0:08:30]} 5. Bg2 {[%emt 0:00:30]} O-O {[%emt 0:00:30]} 6. O-O {[%emt 0:00:30]} c6 {[%emt 0:02:30]} 7. Nc3 {[%emt 0:01:30]} Qa5 {[%emt 0:04:30]} 8. e4 {[%emt 0:07:30]} Qh5 {[%emt 0:02:30]} 9. Ng5 {[%emt 0:05:30]} Qxd1 {[%emt 0:23:30]} 10. Rxd1 {[%emt 0:00:00]} Nbd7 {[%emt 0:06:30]} 11. f4 {[%emt 0:10:00]} c5 {[%emt 0:08:30]} 12. e5 {[%emt 0:07:30]} cxd4 {[%emt 0:00:00]} 13. exf6 {[%emt 0:00:30]} exf6 {[%emt 0:00:00]} 14. Nge4 {[%emt 0:02:30]} dxc3 {[%emt 0:01:30]} 15. Nxc3 {[%emt 0:00:30]} Nb6 {[%emt 0:07:30]} 16. b3 {[%emt 0:02:30]} f5 {[%emt 0:00:30]} 17. Bb2 {[%emt 0:00:00]} Rd8 {[%emt 0:06:30]} 18. c5 {[%emt 0:02:00]} Nd7 {[%emt 0:01:30]} 19. cxd6 {[%emt 0:00:30]} Nc5 {[%emt 0:00:30]} 20. Rab1 {[%emt 0:01:30]} Be6 {[%emt 0:03:40]} 21. b4 {[%emt 0:06:30]} Ne4 {[%emt 0:00:53]} 22. Nxe4 {[%emt 0:01:30]} fxe4 {[%emt 0:00:02]} 23. Bxg7 {[%emt 0:00:00]} Kxg7 {[%emt 0:00:03]} 24. Bxe4 {[%emt 0:00:00]} Bxa2 {[%emt 0:00:17]} 25. Rb2 {[%emt 0:01:30]} Be6 {[%emt 0:01:19]} 26. Bxb7 {[%emt 0:00:30]} Rab8 {[%emt 0:00:03]} 27. Bf3 {[%emt 0:02:30]} Rb6 {[%emt 0:00:19]} 28. Rbd2 {[%emt 0:05:30]} Rxb4 {[%emt 0:00:12]} 29. Rd4 {[%emt 0:00:30]} Rb6 {[%emt 0:01:26]} 30. Ra1 {[%emt 0:00:30]} Rbxd6 {[%emt 0:03:33]} 31. Rxd6 {[%emt 0:00:30]} Rxd6 {[%emt 0:00:00]} 32. Rxa7 {[%emt 0:00:30]} Rd2 {[%emt 0:01:02]} 33. Ra1 {[%emt 0:00:30]} h6 {[%emt 0:02:19]} 34. Rd1 {[%emt 0:00:00]} Rb2 {[%emt 0:00:38]} 35. Bg2 {[%emt 0:00:00]} h5 {[%emt 0:00:57]} 1/2-1/2

[Event "Turkish Club Cup 2019"]
[Site "Konya"]
[Date "2019.07.18"]
[Round "4"]
[White "Gundogan, Sinem Cagla"]
[Black "Ultanir, Guray"]
[Result "1-0"]
[WhiteElo "1806"]
[BlackElo "1601"]
[Annotator "NA"]
[PlyCount "55"]
[EventDate "2019.07.16"]
[EventType "team-tourn"]
[EventCountry "TUR"]
[SourceTitle "playchess.com"]
[Source "ChessBase"]
[SourceQuality "1"]
[TimeControl "5400+30"]

1. e4 {[%emt 0:00:30]} c6 {[%emt 0:00:30]} 2. d4 {[%emt 0:00:00]} g6 {[%emt 0:00:00]} 3. Nc3 {[%emt 0:01:00]} Bg7 {[%emt 0:00:00]} 4. Be3 {[%emt 0:00:00]} d5 {[%emt 0:00:30]} 5. f3 {[%emt 0:04:00]} dxe4 {[%emt 0:01:30]} 6. fxe4 {[%emt 0:00:30]} Nf6 {[%emt 0:00:00]} 7. Be2 {[%emt 0:00:30]} O-O {[%emt 0:08:00]} 8. Nf3 {[%emt 0:02:30]} Qa5 {[%emt 0:11:30]} 9. O-O {[%emt 0:13:30]} Ng4 {[%emt 0:02:30]} 10. Qd2 {[%emt 0:14:30]} Nxe3 {[%emt 0:01:30]} 11. Qxe3 {[%emt 0:00:00]} Bg4 {[%emt 0:04:30]} 12. e5 {[%emt 0:12:00]} h6 {[%emt 0:18:30]} 13. Bc4 {[%emt 0:03:30]} Kh7 {[%emt 0:19:30]} 14. Bxf7 {[%emt 0:12:30]} Rxf7 {[%emt 0:01:30]} 15. Ng5+ {[%emt 0:00:00]} hxg5 {[%emt 0:00:00]} 16. Rxf7 {[%emt 0:00:00]} Qd8 {[%emt 0:10:37]} 17. Qxg5 {[%emt 0:04:30]} Qxd4+ {[%emt 0:00:35]} 18. Kh1 {[%emt 0:00:00]} Nd7 {[%emt 0:02:35]} 19. Rf4 {[%emt 0:02:00]} Qxe5 {[%emt 0:03:03]} 20. Qxg4 {[%emt 0:00:30]} Nf6 {[%emt 0:00:41]} 21. Qh4+ {[%emt 0:00:30]} Kg8 {[%emt 0:00:35]} 22. Re1 {[%emt 0:00:30]} Qc5 {[%emt 0:02:08]} 23. Qh3 {[%emt 0:05:30]} Qd6 {[%emt 0:02:46]} 24. Rff1 {[%emt 0:03:30]} e5 {[%emt 0:02:10]} 25. Qg3 {[%emt 0:01:09]} Nh5 {[%emt 0:00:51]} 26. Qg4 {[%emt 0:01:14]} Rf8 {[%emt 0:01:45]} 27. Ne4 {[%emt 0:03:17]} Qd4 {[%emt 0:02:37]} 28. Rxf8+ {[%emt 0:03:48]} 1-0

[Event "Turkish Club Cup 2019"]
[Site "Konya"]
[Date "2019.07.18"]
[Round "4"]
[White "Temel, Burcu Melis"]
[Black "Koc, Azra Ece"]
[Result "1/2-1/2"]
[WhiteElo "1790"]
[BlackElo "1527"]
[Annotator "NA RC"]
[PlyCount "75"]
[EventDate "2019.07.16"]
[EventType "team-tourn"]
[EventCountry "TUR"]
[SourceTitle "playchess.com"]
[Source "ChessBase"]
[SourceQuality "1"]
[TimeControl "5400+30"]

1. Nf3 {[%emt 0:00:30]} Nf6 {[%emt 0:00:30]} 2. g3 {[%emt 0:00:00]} d5 {[%emt 0:00:30]} 3. Bg2 {[%emt 0:00:00]} c5 {[%emt 0:01:30]} 4. O-O {[%emt 0:00:30]} Nc6 {[%emt 0:00:30]} 5. d3 {[%emt 0:00:00]} e6 {[%emt 0:03:30]} 6. Nbd2 {[%emt 0:00:00]} Bd6 {[%emt 0:05:30]} 7. e4 {[%emt 0:00:30]} dxe4 {[%emt 0:01:30]} 8. dxe4 {[%emt 0:00:30]} O-O {[%emt 0:01:30]} 9. c3 {[%emt 0:00:30]} Rb8 {[%emt 0:03:30]} 10. Qe2 {[%emt 0:05:30]} Bc7 {[%emt 0:04:30]} 11. Rd1 {[%emt 0:18:30]} Qe7 {[%emt 0:09:30]} 12. Nf1 {[%emt 0:10:30]} h6 {[%emt 0:04:30]} 13. h4 {[%emt 0:00:30]} e5 {[%emt 0:16:30]} 14. N3h2 {[%emt 0:03:30]} Be6 {[%emt 0:03:30]} 15. g4 {[%emt 0:05:30]} Nh7 {[%emt 0:02:30]} 16. h5 {[%emt 0:08:30]} b5 {[%emt 0:06:30]} 17. Ne3 {[%emt 0:00:30]} Na5 {[%emt 0:01:30]} 18. Nd5 {[%emt 0:01:30]} Bxd5 {[%emt 0:01:30]} 19. exd5 {[%emt 0:00:00]} Nc4 {[%emt 0:01:30]} 20. Nf1 {[%emt 0:10:00]} Rfe8 {[%emt 0:02:30]} 21. Ng3 {[%emt 0:01:30]} Nd6 {[%emt 0:10:36]} 22. Be3 {[%emt 0:00:30]} Bb6 {[%emt 0:02:43]} 23. Ne4 {[%emt 0:06:30]} c4 {[%emt 0:00:09]} 24. a4 {[%emt 0:03:30]} Bxe3 {[%emt 0:05:58]} 25. Qxe3 {[%emt 0:04:15]} b4 {[%emt 0:05:46]} 26. Nxd6 {[%emt 0:07:49]} Qxd6 {[%emt 0:00:04]} 27. Qe2 {[%emt 0:01:29]} Rec8 {[%emt 0:01:30]} 28. Re1 {[%emt 0:00:23]} f6 {[%emt 0:01:03]} 29. Qe3 {[%emt 0:01:41]} a5 {[%emt 0:00:28]} 30. Rad1 {[%emt 0:03:18]} Nf8 {[%emt 0:00:21]} 31. Be4 {[%emt 0:00:18]} Rc5 {[%emt 0:00:41]} 32. Qf3 {[%emt 0:01:36]} Rd8 {[%emt 0:01:02]} 33. b3 {[%emt 0:01:38]} cxb3 {[%emt 0:01:11]} 34. cxb4 {[%emt 0:00:02]} axb4 {[%emt 0:00:11]} 35. Qxb3 {[%emt 0:00:35]} Rc3 {[%emt 0:00:44]} 36. Qb2 {[%emt 0:00:01]} Ra3 {[%emt 0:01:10]} 37. Qc2 {[%emt 0:01:37]} b3 {[%emt 0:00:34]} 38. Qc6 {[%emt 0:00:16]} 1/2-1/2

[Event "Turkish Club Cup 2019"]
[Site "Konya"]
[Date "2019.07.18"]
[Round "4"]
[White "Kacangar, Mehmed"]
[Black "Kiran, Seyit Kaan"]
[Result "1-0"]
[WhiteElo "1785"]
[BlackElo "1230"]
[Annotator "NA"]
[PlyCount "85"]
[EventDate "2019.07.16"]
[EventType "team-tourn"]
[EventCountry "TUR"]
[SourceTitle "playchess.com"]
[Source "ChessBase"]
[SourceQuality "1"]
[TimeControl "5400+30"]

1. c4 {[%emt 0:00:30]} c6 {[%emt 0:00:30]} 2. Nc3 {[%emt 0:00:00]} Nf6 {[%emt 0:00:30]} 3. d4 {[%emt 0:00:00]} d5 {[%emt 0:00:00]} 4. Nf3 {[%emt 0:00:30]} e6 {[%emt 0:01:00]} 5. Bg5 {[%emt 0:00:30]} Nbd7 {[%emt 0:00:30]} 6. c5 {[%emt 0:05:30]} b6 {[%emt 0:03:30]} 7. b4 {[%emt 0:00:30]} bxc5 {[%emt 0:01:30]} 8. bxc5 {[%emt 0:00:30]} Be7 {[%emt 0:01:30]} 9. e3 {[%emt 0:00:30]} h6 {[%emt 0:02:30]} 10. Bf4 {[%emt 0:01:30]} O-O {[%emt 0:03:30]} 11. Bd3 {[%emt 0:02:30]} Nh5 {[%emt 0:03:30]} 12. O-O {[%emt 0:02:30]} Nxf4 {[%emt 0:00:30]} 13. exf4 {[%emt 0:00:30]} Bf6 {[%emt 0:00:30]} 14. Ne5 {[%emt 0:00:30]} Bxe5 {[%emt 0:05:30]} 15. fxe5 {[%emt 0:00:00]} a5 {[%emt 0:01:30]} 16. Rb1 {[%emt 0:05:00]} Ba6 {[%emt 0:01:30]} 17. Bxa6 {[%emt 0:04:30]} Rxa6 {[%emt 0:00:30]} 18. Rb7 {[%emt 0:05:30]} f6 {[%emt 0:03:30]} 19. Qg4 {[%emt 0:10:30]} Qe8 {[%emt 0:02:30]} 20. Re1 {[%emt 0:03:30]} fxe5 {[%emt 0:03:30]} 21. Rxe5 {[%emt 0:01:30]} Rf6 {[%emt 0:07:30]} 22. Re1 {[%emt 0:04:30]} Qf7 {[%emt 0:05:30]} 23. Qg3 {[%emt 0:02:30]} Rg6 {[%emt 0:08:30]} 24. Qd3 {[%emt 0:04:30]} Nxc5 {[%emt 0:14:30]} 25. Rb8+ {[%emt 0:03:30]} Kh7 {[%emt 0:01:30]} 26. dxc5 {[%emt 0:00:30]} Ra7 {[%emt 0:00:30]} 27. Re3 {[%emt 0:03:30]} e5 {[%emt 0:05:30]} 28. Rxe5 {[%emt 0:01:30]} Qf4 {[%emt 0:00:30]} 29. Ree8 {[%emt 0:01:30]} Qxb8 {[%emt 0:01:30]} 30. Rxb8 {[%emt 0:00:30]} Re7 {[%emt 0:00:30]} 31. h4 {[%emt 0:01:30]} Re5 {[%emt 0:00:30]} 32. Rh8+ {[%emt 0:01:30]} Kxh8 {[%emt 0:00:30]} 33. Qxg6 {[%emt 0:00:00]} Re1+ {[%emt 0:00:30]} 34. Kh2 {[%emt 0:00:00]} Rc1 {[%emt 0:00:00]} 35. Ne2 {[%emt 0:01:30]} Rxc5 {[%emt 0:00:00]} 36. Nd4 {[%emt 0:00:30]} Rb5 {[%emt 0:00:30]} 37. Nxb5 {[%emt 0:01:30]} cxb5 {[%emt 0:00:30]} 38. Qe8+ {[%emt 0:00:00]} Kh7 {[%emt 0:00:00]} 39. f4 {[%emt 0:00:00]} b4 {[%emt 0:00:00]} 40. f5 {[%emt 0:00:30]} d4 {[%emt 0:00:00]} 41. Qf7 {[%emt 0:00:30]} d3 {[%emt 0:00:00]} 42. f6 {[%emt 0:00:30]} d2 {[%emt 0:00:30]} 43. Qxg7# {[%emt 0:00:30]} 1-0

[Event "Turkish Club Cup 2019"]
[Site "Konya"]
[Date "2019.07.18"]
[Round "4"]
[White "Celik, Musa"]
[Black "Daghan, Devran"]
[Result "1/2-1/2"]
[WhiteElo "1773"]
[BlackElo "2023"]
[Annotator "NA RC"]
[PlyCount "118"]
[EventDate "2019.07.16"]
[EventType "team-tourn"]
[EventCountry "TUR"]
[SourceTitle "playchess.com"]
[Source "ChessBase"]
[SourceQuality "1"]
[TimeControl "5400+30"]

1. e4 {[%emt 0:00:30]} c5 {[%emt 0:00:30]} 2. Nf3 {[%emt 0:00:30]} d6 {[%emt 0:00:00]} 3. d4 {[%emt 0:02:30]} cxd4 {[%emt 0:00:00]} 4. Nxd4 {[%emt 0:00:30]} Nf6 {[%emt 0:00:30]} 5. Nc3 {[%emt 0:01:30]} a6 {[%emt 0:00:00]} 6. a4 {[%emt 0:07:30]} e5 {[%emt 0:00:00]} 7. Nf3 {[%emt 0:04:30]} Qc7 {[%emt 0:00:30]} 8. Bg5 {[%emt 0:04:30]} Nbd7 {[%emt 0:05:30]} 9. Bd3 {[%emt 0:03:30]} h6 {[%emt 0:00:30]} 10. Be3 {[%emt 0:01:30]} Nc5 {[%emt 0:01:30]} 11. O-O {[%emt 0:01:30]} Be6 {[%emt 0:01:30]} 12. Re1 {[%emt 0:09:30]} Be7 {[%emt 0:14:30]} 13. Qe2 {[%emt 0:08:30]} O-O {[%emt 0:03:30]} 14. h3 {[%emt 0:11:30]} Rac8 {[%emt 0:06:30]} 15. Nd2 {[%emt 0:06:30]} Rfd8 {[%emt 0:01:30]} 16. Nf1 {[%emt 0:06:30]} Nxd3 {[%emt 0:06:30]} 17. cxd3 {[%emt 0:00:30]} d5 {[%emt 0:00:30]} 18. exd5 {[%emt 0:07:36]} Nxd5 {[%emt 0:00:30]} 19. Nxd5 {[%emt 0:03:34]} Rxd5 {[%emt 0:00:30]} 20. Rec1 {[%emt 0:03:02]} Qd8 {[%emt 0:01:30]} 21. Rxc8 {[%emt 0:00:50]} Bxc8 {[%emt 0:00:30]} 22. Rc1 {[%emt 0:00:44]} Be6 {[%emt 0:07:30]} 23. Rd1 {[%emt 0:03:47]} Bf5 {[%emt 0:07:30]} 24. Ng3 {[%emt 0:05:47]} Bxd3 {[%emt 0:01:30]} 25. Qg4 {[%emt 0:00:11]} Bg6 {[%emt 0:01:30]} 26. Rc1 {[%emt 0:00:21]} Qd7 {[%emt 0:00:30]} 27. Rc8+ {[%emt 0:01:14]} Kh7 {[%emt 0:00:30]} 28. Qc4 {[%emt 0:00:00]} b5 {[%emt 0:01:30]} 29. axb5 {[%emt 0:01:01]} axb5 {[%emt 0:00:30]} 30. Qc7 {[%emt 0:00:17]} Qxc7 {[%emt 0:01:30]} 31. Rxc7 {[%emt 0:00:01]} Bd6 {[%emt 0:00:30]} 32. Rb7 {[%emt 0:03:02]} f5 {[%emt 0:00:30]} 33. Ba7 {[%emt 0:01:40]} f4 {[%emt 0:01:30]} 34. Ne2 {[%emt 0:01:26]} Rd1+ {[%emt 0:00:30]} 35. Kh2 {[%emt 0:00:30]} Be4 {[%emt 0:00:00]} 36. Rxb5 {[%emt 0:00:00]} Ra1 {[%emt 0:03:00]} 37. Nc3 {[%emt 0:00:12]} Ba8 {[%emt 0:00:30]} 38. Bb8 {[%emt 0:01:01]} Bc6 {[%emt 0:05:30]} 39. Bxd6 {[%emt 0:00:16]} Bxb5 {[%emt 0:01:30]} 40. Nxb5 {[%emt 0:00:01]} Kg6 {[%emt 0:00:00]} 41. Nc3 {[%emt 0:00:38]} Kf5 {[%emt 0:00:00]} 42. f3 {[%emt 0:00:30]} g5 {[%emt 0:00:00]} 43. b4 {[%emt 0:00:23]} Rc1 {[%emt 0:00:00]} 44. Ne4 {[%emt 0:01:04]} h5 {[%emt 0:00:30]} 45. Nf2 {[%emt 0:00:46]} Rb1 {[%emt 0:00:30]} 46. Bc5 {[%emt 0:00:58]} Rc1 {[%emt 0:00:30]} 47. Bd6 {[%emt 0:00:00]} Rb1 {[%emt 0:01:30]} 48. Bc5 {[%emt 0:00:00]} Ke6 {[%emt 0:02:30]} 49. Ne4 {[%emt 0:01:08]} Kf5 {[%emt 0:05:30]} 50. b5 {[%emt 0:00:22]} g4 {[%emt 0:00:30]} 51. Nd6+ {[%emt 0:00:22]} Ke6 {[%emt 0:01:30]} 52. hxg4 {[%emt 0:01:21]} hxg4 {[%emt 0:00:00]} 53. b6 {[%emt 0:00:22]} Kd5 {[%emt 0:04:01]} 54. Ne4 {[%emt 0:00:25]} Kc6 {[%emt 0:00:52]} 55. Bd6 {[%emt 0:00:30]} gxf3 {[%emt 0:06:22]} 56. gxf3 {[%emt 0:00:16]} Rxb6 {[%emt 0:00:00]} 57. Bxe5 {[%emt 0:00:42]} Kd5 {[%emt 0:00:24]} 58. Bxf4 {[%emt 0:00:00]} Rb4 {[%emt 0:00:00]} 59. Kg3 {[%emt 0:00:38]} Rxe4 {[%emt 0:00:00]} 1/2-1/2